LEADER 01551nam a2200277 4500 001 000000355157 003 CaOOAMICUS 005 20230828154056.0 008 230828s2022 it 000 u ita r 020 $a978-88-935967-7-0 040 $aSeMil$bita 100 1 $aFonte, Flaminio,$c.$0(OLS)http://semarc/name/114722 245 10$a«Madre de' Santi, immagine della cittą superna, del sangue incorruttibile conservatrice eterna» :$bper una ecclesiologia fondamentale manzoniana /$cFlaminio Fonte. 264 1$aRoma :$bEdizioni di Storia e Letteratura,$c2022. 300 $aXXIV, 360 p. ;$c24 cm 490 1 $aUomini e dottrine ;$v70 500 $aSul verso del front.: Dissertazione dottorale in teologia, Facoltą Teologica dell'Italia settentrionale di Milano, a.a. 2018-2019 650 4$aManzoni, Alessandro <1785-1873> - Ecclesiologia.$0(OLS)http://semarc/subject/54206 650 4$aEcclesiologia.$0(OLS)http://semarc/subject/42996 830 0$aUomini e dottrine ;$v70.$0(OLS)http://semarc/title/17157 850 $aSeMil 852 $aSeMil$W1$xVenegono$y1$m1O IV 279$j243249$B246438$CSeMilBibl$Z2$F246438 $81 996 $6020$a978-88-935967-7-0$9(OLS)http://semarc/number/298739 996 $6245$a«Madre de' Santi, immagine della cittą superna, del sangue incorruttibile conservatrice eterna» :$bper una ecclesiologia fondamentale manzoniana$9(OLS)http://semarc/title/445324 996 $6264$aRoma :$bEdizioni di Storia e Letteratura$9(OLS)http://semarc/publisher/29779 LEADER 00913nam a2200217 i 4500 001 000000179761 003 CaOOAMICUS 005 20250829090244.0 008 090525s1970 xxk u000 u mul u 040 $aSeMil$bita 245 10$a2: Books 4.-6. /$cwith an english translation by A. L. Peck. 300 $aVIII, 413 p. 490 1 $aThe Loeb Classical Library ;$v438 700 1 $aPeck, Arthur Leslie.$0(OLS)http://semarc/name/66594 773 0 $aAristoteles <384-322 a.C.>$tHistoria animalium.$dCambridge, Massachusetts : Harvard University Press ; London : Heinemann, 1965-1991.$g2$w()21392 830 4$aThe Loeb Classical Library ;$v438.$0(OLS)http://semarc/title/26868 850 $aSeMil 852 $aSeMil$W1$xVenegono$y1$m1Y II 29/2$j261075$B130519$CSeMilBibl$Z2$F141955 $81 961 $aOmaggio: Villa don Cesare 996 $6245$a2: Books 4.-6.$9(OLS)http://semarc/title/258100